000 00295nam a22001337a 4500
008 170801b xxu||||| |||| 00| 0 eng d
020 _a0917072324
041 _aeng
080 _a004
100 _a32
101 _aSHK
245 _aCONTROLLING SOFTWARE PROJECTS
_cMARCO,T.D
942 _2udc
_cBK
999 _c22345
_d22345